000
00305nam a22001337a 4500
008
171124b xxu||||| |||| 00| 0 eng d
020
_a
0471090042
041
_a
eng
080
_2
3RD
_a
612.39
100
_a
10
101
_a
NUT
245
_a
NUTRITION AN INTEGRATED APPROACH
_c
PIKE,R.L
942
_2
udc
_c
BK
999
_c
38473
_d
38473